| 000 | 00519nam a2200205Ia 4500 | ||
|---|---|---|---|
| 005 | 20251118132236.0 | ||
| 008 | 230125s9999 xx 000 0 und d | ||
| 020 | _a81-7992-619-2 | ||
| 041 | _aeng | ||
| 082 |
_a158.1 _bPAT |
||
| 100 |
_aPatkar A _9215011 |
||
| 245 | _aMaster the Mind Monkey | ||
| 260 |
_c2009 _bJaico Publishing House _aMumbai |
||
| 300 | _a276p | ||
| 500 | _aPersonality Development | ||
| 650 |
_aPersonality Development _9213420 |
||
| 700 |
_aPatkar A _9215011 |
||
| 906 | _b70 | ||
| 942 | _cBK | ||
| 999 |
_c88383 _d88383 |
||